Robert Kipniss : (Record no. 7188)

MARC details
000 - LÍDER
campo de control de longitud fija 00869nam a2200241Ia 4500
005 - FECHA Y HORA DE LA ÚLTIMA TRANSACCIÓN
campo de control 20260102204017.0
008 - ELEMENTOS DE DATOS DE LONGITUD FIJA - INFORMACIÓN GENERAL
campo de control de longitud fija 0000001980 ck a 0000000000spa00
040 ## - FUENTE DE CATALOGACIÓN
Agencia de transcripción ---
041 ## - CÓDIGO DE LENGUAJE
Código de idioma de texto / pista de sonido o título separado spa
082 ## - NÚMERO DE CLASIFICACIÓN DECIMAL DEWEY
Número de clasificación 709.9747 K57r 1980
090 ## - NÚMERO DE LLAMADA DE TIPO LC LOCALMENTE ASIGNADO (OCLC)
Número de clasificación (OCLC) (R) PUS00 K36r
245 10 - TÍTULO DECLARACIÓN
Título Robert Kipniss :
Resto del título Óleos, litografías /
260 ## - PUBLICACIÓN, DISTRIBUCIÓN
Lugar de publicación Cali :
Nombre del editor Museo de Arte Moderno La Tertulia,
Fecha de publicación 1980.
300 ## - DESCRIPCIÓN FÍSICA
Alcance [16] páginas :
Dimensiones 21 cm.
518 ## - FECHA / HORA Y LUGAR DE UNA NOTA DE EVENTO
Otra información sobre el evento Exposición realizada en el Museo de Arte Moderno La Tertulia, Cali, 1980
600 #4 - ENTRADA DE SUJETO AÑADIDO - NOMBRE PERSONAL
Nombre de la persona Kipniss, Robert,
9 (RLIN) 13414
Fechas asociadas a un nombre 1931-
610 #4 - ENTRADA DE SUJETO AÑADIDO - NOMBRE CORPORATIVO
9 (RLIN) 23959
Nombre corporativo o nombre de jurisdicción como elemento de entrada Museo de Arte Moderno La Tertulia
650 14 - ENTRADA DE SUJETO AÑADIDO - TÉRMINO TÓPICO
Término tópico o elemento de entrada del nombre geográfico Arte contemporáneo estadounidense
9 (RLIN) 29481
650 14 - ENTRADA DE SUJETO AÑADIDO - TÉRMINO TÓPICO
Término tópico o elemento de entrada del nombre geográfico Artistas plásticos estadounidenses
9 (RLIN) 29970
650 14 - ENTRADA DE SUJETO AÑADIDO - TÉRMINO TÓPICO
Término tópico o elemento de entrada del nombre geográfico Grabado estadounidense
9 (RLIN) 31225
650 14 - ENTRADA DE SUJETO AÑADIDO - TÉRMINO TÓPICO
Término tópico o elemento de entrada del nombre geográfico Pintura contemporánea estadounidense
9 (RLIN) 32095
942 ## - ELEMENTOS DE ENTRADA AGREGADOS (KOHA)
Fuente de clasificación o esquema de estanterías Dewey Decimal Classification
Tipo de artículo Koha Catalogo de exposición
Holdings
Estado de retirada Pérdida de estatus Estado dañado No para préstamo Código de recogida Ubicación permanente Ubicación actual Ubicación de las estanterías Fecha de adquisición Número de llamada completo Código de barras Fecha de la última vez que se vio Número de copia Precio efectivo desde Tipo de artículo Koha
        General ArtNexus ArtNexus General 06/09/2022 P-US-00 K36R 7192 06/09/2022 Ej.1 06/09/2022 Libro

Powered by Koha